Monstercat 2018 Artists - Statistics

General Stats
  • This quiz has been taken 42 times
    40 since last reset
  • The average score is 37 of 92
Answer Stats
Answer % Correct
Au5
80%
Tristam
80%
RIOT
75%
Conro
70%
Pegboard Nerds
70%
Rogue
70%
Tokyo Machine
70%
Bad Computer
65%
Dirtyphonics
65%
Grant
65%
Aero Chord
60%
Bishu
60%
Bossfight
60%
Noisestorm
60%
Pixel Terror
60%
Slippy
60%
Stonebank
60%
CloudNone
55%
FWLR
55%
Infected Mushroom
55%
Muzzy
55%
Nitro Fun
55%
SLANDER
55%
Sullivan King
55%
KUURO
50%
MYRNE
50%
Rameses B
50%
Rootkit
50%
Vicetone
50%
Direct
45%
Dirty Audio
45%
Duumu
45%
Ephixa
45%
Half an Orange
45%
Kill Paris
45%
Koven
45%
Laszlo
45%
MYLK
45%
Stephen
45%
Darren Styles
40%
Dion Timmer
40%
Gammer
40%
Grabbitz
40%
Justin OH
40%
WRLD
40%
Aiobahn
35%
Delta Heavy
35%
Julian Calor
35%
LVTHER
35%
SMLE
35%
Stephen Walking
35%
Trivecta
35%
Anevo
30%
Apriskah
30%
Bear Grillz
30%
Dyro
30%
Gent & Jawns
30%
Lookas
30%
Matroda
30%
Notaker
30%
Protostar
30%
Soulji
30%
Tisoki
30%
Aaron Richards
25%
Atmozfears
25%
Diddrick
25%
dwilly
25%
Falcon Funk
25%
Keepsake
25%
MEMBA
25%
Modestep
25%
Reach
25%
Rickyxsan
25%
Savoy
25%
SCNDL
25%
Subtact
25%
Taska Black
25%
The Night
25%
Droptek
20%
HALIENE
20%
INTERCOM
20%
Jay Cosmic
20%
Lil Hank
20%
Loosid
20%
Snareskin
20%
Soupandreas
20%
Tails
20%
Flite
15%
Hush
15%
Hyper Potions
15%
Memtrix
15%
Skyelle
5%
No matching quizzes found
Score Distribution
Percent of People with Each Score
Percentile by Number Answered
Your Score History
You have not taken this quiz since the last reset